| 000 | 01203nam a2200301 a 4500 | ||
|---|---|---|---|
| 001 | 000010169 | ||
| 003 | DO-SdBNP | ||
| 005 | 20250213082607.0 | ||
| 008 | 091005s1992 dr 000 p spa d | ||
| 020 | _a9768156627 | ||
| 040 |
_aDO-SdBNP _bspa _cBNPHU |
||
| 082 |
_aRD861.44 _bG633si |
||
| 100 | 1 |
_aGómez Rosa, Alexis, _d1950- _923501 |
|
| 245 | 1 | 0 |
_aSi Dios quiere y otros versos por encargo / _cAlexis Gómez Rosa ; edición Miguel Aníbal Perdomo, Luis Manuel Ledesma. |
| 264 | 1 |
_aSanto Domingo : _bSecretaría de Estado de Educación, Bellas Artes y Cultos, _c1992. |
|
| 300 |
_a116 p. ; _c21 cm. |
||
| 500 | _aIncluye datos biográficos del autor. | ||
| 500 | _aFeria Nacional del Libro "Ercilia Pepín". | ||
| 586 | _aPremio Anual de Poesía Salomé Ureña de Henríquez 1991-1992. | ||
| 590 | _aInventariado, 2018/LP | ||
| 650 | 0 |
_aPoesía dominicana _966 |
|
| 650 | 0 |
_aLiteratura dominicana. _967 |
|
| 700 | 1 | 2 |
_aPerdomo, Miguel Aníbal, _d1949- _eed. _96428 |
| 700 | 1 | 2 |
_aLedesma, Luis Manuel, _eed. _925167 |
| 710 | 1 |
_aRepública Dominicana. _bSecretaría de Estado de Educación, Bellas Artes y Cultos _923965 |
|
| 910 | _aValidado. Control de calidad. MMOLINA | ||
| 942 |
_2ddc _cLBS1 |
||
| 999 |
_c9928 _d9928 |
||